000 00368nam a2200145Ia 4500
008 191206s9999 xx 000 0 und d
020 _a199111030
090 _aPR92309B68
245 4 _aThe Arrivants: A new world trilogy
260 _aOxford University Press
260 _b"Oxford paperbacks, 318"
260 _cc1973
300 _a275 p. 21 cm.
999 _c17023
_d17023